| 000 | 01396cam a2200349 a 4500 | ||
|---|---|---|---|
| 001 | 2146695 | ||
| 003 | OSt | ||
| 005 | 20140314162624.0 | ||
| 008 | 971215s1997 nyua 001 0 eng d | ||
| 010 | _a 98108279 | ||
| 020 | _a0070369399 | ||
| 035 | _a(OCoLC)38090213 | ||
| 040 |
_aWNrWI _cWNrWI _dLEO _dDLC |
||
| 042 | _alccopycat | ||
| 050 | 0 | 4 |
_aTK7887 _b.B543 1997 |
| 082 | 0 | 0 |
_a621.39/16 _221 |
| 100 | 1 |
_aBigelow, Stephen J. _925995 |
|
| 245 | 1 | 0 |
_aPC hardware FAT FAQs : _btroubleshooting, upgrading, maintaining, and repairing / _cStephen J. Bigelow. |
| 260 |
_aNew York : _bMcGraw-Hill, _cc1997. |
||
| 300 |
_axvii, 685 p. : _bill. ; _c23 cm. |
||
| 500 | _aIncludes index. | ||
| 500 | _a"Web enhanced" | ||
| 650 | 0 |
_aMicrocomputers _xMaintenance and repair. _925996 |
|
| 650 | 0 |
_aMicrocomputers _xEquipment and supplies _xMaintenance and repair. _925997 |
|
| 650 | 0 |
_aMicrocomputers _xUpgrading. _925998 |
|
| 856 | 4 | 2 |
_3Publisher description _uhttp://www.loc.gov/catdir/description/mh023/98108279.html |
| 856 | 4 | 1 |
_3Table of contents _uhttp://www.loc.gov/catdir/toc/mh022/98108279.html |
| 856 | 4 | 2 |
_3Contributor biographical information _uhttp://www.loc.gov/catdir/enhancements/fy0707/98108279-b.html |
| 906 |
_a7 _bcbc _ccopycat _d2 _encip _f19 _gy-gencatlg |
||
| 942 |
_2lcc _cBK |
||
| 999 |
_c58821 _d58795 |
||